000 00697nam a22002657a 4500
001 122
003 CO-MdFUSB
005 20190202100300.0
008 170524t1970 e ||||| |||| 00| 0 eng d
020 _a0-85110-615-3
040 _aCO-MdFUSB
_bspa
_cCO-MdFUSB
_dCO-MdFUSBC
_erda
041 0 _aeng
082 0 4 _aG 220.7 G9841p
100 1 _aGuthrie, Donald
_eautor
245 0 _aNew Bible commentary
_c / D. Guthrie, J. A. Motyer
250 _a3
264 4 _aLeicester, England :
_bInterVarsity,
_c©1970
300 _a1310 Pag.
336 _2rdacontent
_a1
_ba1
337 _2rdamedia
_a2
_b5
338 _2rdacarrier
_a2
_b5
650 0 _aBiblia
_916
653 _aComentarios
942 _cBK
999 _c31667
_d31667